| 000 -ლიდერი |
| ფიქსირებული სიგრძის საკონტროლო ველი |
01701nam a2200217Ia 4500 |
| 001 - საკონტროლო ნომერი |
| საკონტროლო ველი |
20872 |
| 003 - საკონტროლო ნომრის იდენტიფიკატორი |
| საკონტროლო ველი |
GE_BSU |
| 005 - ბოლო ოპერაციის თარიღი და დრო |
| საკონტროლო ველი |
20210527164719.0 |
| 008 - ფიქსირებული სიგრძის მონაცემთა ელემენტები - ზოგადი ინფორმაცია |
| ფიქსირებული სიგრძის საკონტროლო ველი |
181216s2011||||ge |||||||||||||| ||geo|| |
| 040 ## - კატალოგიზაციის წყარო |
| Transcribing agency |
GE_BSU |
| 041 ## - ენის კოდი |
| Language code of text/sound track or separate title |
geo |
| 080 ## - უნივერსალური ათობითი კლასიფიკაციის ინდექსი |
| Universal Decimal Classification number |
347.918 ს-12 |
| 245 ## - ცნობა სათაურის შესახებ |
| Title |
საარბიტრაჟო სამართალი : |
| Remainder of title |
წინამდებარე კრებულში მოცემულია საქართველოს კანონები, კანონქვემდებარე ნორმატიული აქტები და საერთაშორისო სამართლებრივი აქტები, რომლებიც არეგულირებენ საარბიტრაჟო სამართლის საკითხებს. |
| 264 ## - წარმოების, გამოცემის, დისტრიბუციის და სხვა ცნობები |
| გამოცემის, წარმოების, დისტრიბუციის... ადგილი |
თბილისი : |
| გამოცემის, წარმოების, დისტრიბუციის... სახელწოდება |
[ბონა კაუზა], |
| გამოცემის, წარმოების, დისტრიბუციის... თარიღი |
2011. |
| 300 ## - ფიზიკური აღწერა |
| Extent |
163 გვ. ; |
| Dimensions |
20 სმ. |
| 490 ## - სერიის ცნობა |
| Series statement |
იურისტის ბიბლიოთეკა |
| 500 ## - ზოგადი შენიშვნა |
| General note |
წიგნი განკუთვნილია ადვოკატებისათვის,არბიტრთათვის,საერთაშორისო კერძო სამართლის სპეციალისტებისათვის,იურიდიული ფაკულტეტის სტუდენტებისათვის,არბიტრაჟის საკითხებით დაინტერესებული მკითხველთა ფართო წრისათვის |
| 653 ## - INDEX TERM--UNCONTROLLED |
| Uncontrolled term |
სამართალი |
| 942 ## - ADDED ENTRY ELEMENTS (KOHA) |
| Koha item type |
წიგნი |
| Source of classification or shelving scheme |
|